| 000 | 00818 a2200229 4500 | ||
|---|---|---|---|
| 003 | OSt | ||
| 005 | 20230421101718.0 | ||
| 008 | 220811s2016 sp a||||r|||| 00| 0 spa d | ||
| 020 | _a9788416758104 | ||
| 040 | _cCHAP | ||
| 082 | 0 | 0 |
_a631.584 _bC28 _222 |
| 100 | 1 |
_9186736 _aCarmona Gómez, Alberto |
|
| 245 | 1 | 0 |
_aLabores culturares y recolección de los cultivos ecológicos / _cpor Alberto Carmona Gómez y Enrique David González Durán. |
| 264 | 1 |
_aAntequera, Málaga : _bIC Editorial, _c2016. |
|
| 300 |
_a303 páginas. _bilustraciones. |
||
| 504 | _aIncluye bibliografía. | ||
| 650 | 4 |
_9186737 _aCultivos orgánicos _xManejo postcosecha |
|
| 650 | 4 |
_9133302 _aCultivos orgánicos _xProducción |
|
| 650 | 4 |
_935188 _aEcología vegetal |
|
| 700 | 1 |
_9186575 _aGonzález Durán, Enrique David |
|
| 942 |
_2ddc _cLIBRO |
||
| 999 |
_c217483 _d217483 |
||